000 01348nam0a2200337 4500
001 RU\NLR\bibl\1096786
005 20250615054133.0
010 _a5-901352-77-7
_92500
021 _aRU
_b2007-29966
_91592
035 _a(NLR Aleph) 001083896
090 _a1075753
_c1075753
100 _a20070609d2007 |||y0rusy50 ca
101 0 _arus
102 _aRU
105 _aa |||||||||
200 1 _aЦелиакия
_eэволюция представлений о распространенности, клинических проявлений и значимости этиотропной терапии
_fА.И. Парфенов
210 _aМосква
_cАнахарсис
_d2007
215 _a375 с., [8] л. ил.
_cил.
_d25
225 1 _aСерия "Очерки современной гастроэнтерологии"
300 _aНа 4-й с. обл. авт.: Парфенов А.И. - д.м.н., проф.
320 _aПредм. указ.: с. 361-375
320 _aДр. кн. авт. на 4-й с. обл.
606 1 _aЦелиакия
_91442621
_3RU\NLR\AUTH\66300138
686 _aР413.302
700 1 _aПарфенов
_bА. И.
_gАсфольд Иванович
_4070
801 0 _aRU
_bNLR
_c20070609
_gRCR
801 1 _aRU
_bNLR
_c20070609
942 _cBOOK
980 _aNB